Statistics for Video Games by Description #2

Click here to take the quiz!

General Stats

  • This quiz has been taken 145 times
  • The average score is 9 of 15

Answer Stats

HintAnswer% Correct
Two plumbers and two toads travel through eight worlds to save the princess again.New Super Mario Bros. Wii
93%
Traverse a maze while eating white dots and avoiding ghosts.Pac-Man
88%
Crocodile steals a whole banana horde from a tie-wearing gorilla.Donkey Kong Country
82%
Hero of Time must stop an evil king from obtaining the Triforce.The Legend of Zelda: Ocarina of Time
77%
Plumber's lesser-known brother is the owner of a haunted mansion.Luigi's Mansion
75%
Martial artists compete in a tournament to show off their Hadouken moves.Street Fighter
75%
Sneaky soldier must infiltrate a base by hiding in cardboard boxes.Metal Gear Solid
73%
Supersoldier must stop aliens from firing a ring that can destroy life.Halo: Combat Evolved
69%
Drive a wagon across 19th century America.The Oregon Trail
64%
Adopt a pet dog on your handheld and treat it like a real dog.Nintendogs
59%
Sexy bounty hunter must prevent space pirates from using parasites as weapons.Metroid
51%
Control a spaceship in a pixelated asteroid field.Asteroids
41%
Military squad needs to save humanity from the Locust Horde.Gears of War
40%
Go on an adventure using your body as the controller.Kinect Adventures!
18%
Agent needs to stop a conspiracy by rival corporation dataDynePerfect Dark
10%

Score Distribution

Percentile by Number Answered

Percent of People with Each Score

Your Score History

You have not taken this quiz